Central Library OPAC University of Rajshahi

Fundamentals of plant pathology / (Record no. 72742)

MARC details
000 -LEADER
fixed length control field 00796nam a2200253 a 4500
001 - CONTROL NUMBER
control field 72742
003 - CONTROL NUMBER IDENTIFIER
rucl marc code BD-RjUL
005 - DATE AND TIME OF LATEST TRANSACTION
control field 20211209082314.0
008 - FIXED-LENGTH DATA ELEMENTS--GENERAL INFORMATION
fixed length control field 170524s1972 caua b 001 0 eng d
020 ## - INTERNATIONAL STANDARD BOOK NUMBER
International Standard Book Number 0716708221
035 ## - SYSTEM CONTROL NUMBER
System control number (BD-RjUL)72960
040 ## - CATALOGING SOURCE
Original cataloging agency BD-RjUL
Language of cataloging eng
Transcribing agency BD-RjUL
041 ## - LANGUAGE CODE
Language code of text/sound track or separate title eng
082 ## - DEWEY DECIMAL CLASSIFICATION NUMBER
Edition number 23
Classification number 571.92
Author mark and year ROF 1972
100 1# - MAIN ENTRY--PERSONAL NAME
Personal name Roberts, Daniel A.
Fuller form of name (Daniel Altman),
Dates associated with a name 1922-
9 (RLIN) 215173
245 10 - TITLE STATEMENT
Title Fundamentals of plant pathology /
Statement of responsibility, etc. Daniel A. Roberts, Carl W. Boothroyd
260 ## - PUBLICATION, DISTRIBUTION, ETC. (IMPRINT)
Place of publication, distribution, etc. San Francisco :
Name of publisher, distributor, etc. W. H. Freeman,
Date of publication, distribution, etc. c1972
300 ## - PHYSICAL DESCRIPTION
Pagination xii, 402 p :
Illustrations ill ;
Size 24 cm
504 ## - BIBLIOGRAPHY, ETC. NOTE
Bibliography, etc Includes bibliographies and index
650 #0 - SUBJECT ADDED ENTRY--TOPICAL TERM
Topical term or geographic name as entry element Plant diseases
9 (RLIN) 215174
Topical term or geographic name as entry element Pathology
9 (RLIN) 215175
700 1# - ADDED ENTRY--PERSONAL NAME
Personal name Boothroyd, Carl W.
Fuller form of name (Carl William),
Dates associated with a name 1915-
942 ## - ADDED ENTRY ELEMENTS (KOHA)
Source of classification or shelving scheme Dewey Decimal Classification
Koha item type Books
Holdings
Lost status Source of classification or shelving scheme Damaged status Not for loan Collection code Permanent Location Current Location Shelving location Date acquired Source of acquisition Cost, normal purchase price Total Checkouts Full call number Date last seen Copy number Koha item type
  Dewey Decimal Classification   Not For Loan Non-fiction Central Library, University of Rajshahi Central Library, University of Rajshahi Reading Room 20/07/1979 Heffers 12.10   571.92 ROF 1972 23/05/2017 C-1 Books